00510nam a2200169Ia 450000500170000000800460001703700290006304000200009204100130011208400210012510000230014624500200016930000090018994200190019899900210021795201020023820250508152742.0008 250505s9999 xx 000 0 eng d aBooks to be hide in OPAC aFEDLbengcFEDL aeng2eng a960, PAN/OqFEDL aPant Apa B9762300 0aContinent awake a19p. cHBh960, PAN/O c1338505d1338505 00104070aFEDLbFEDLd2025-05-08l0o960, PAN/OpEL0020782r2025-05-08 15:27:42w2025-05-08yHB